| 000 | 00937nam a2200289Ia 4500 | ||
|---|---|---|---|
| 003 | OSt | ||
| 005 | 20221006144231.0 | ||
| 006 | a|||||r|||| 00| 0 | ||
| 007 | ta | ||
| 008 | 221006b |||||||| |||| 00| 0 eng d | ||
| 020 |
_a9781557290410 _c£14.99 |
||
| 024 | _a11,211 | ||
| 037 | _cTextual | ||
| 040 |
_aEASL _cEASL _beng |
||
| 041 |
_2eng _aeng |
||
| 082 | _aT.41.M64, N4 | ||
| 100 |
_aKEENAN Barry C _9651194 |
||
| 245 | 0 |
_aImperial China's last classical academies _b Social change in the lower Yangzi, 1864-1911 |
|
| 260 |
_aBerkeley _bUniversity of California _c1994 |
||
| 300 |
_a199p. _ccm. |
||
| 490 | _v CEL | ||
| 650 | _a CEL | ||
| 650 |
_a Confucianism and education - China - Yangtze river region - history _9651195 |
||
| 650 |
_aEducational - social aspects - China - Yangtze River region - history _9651196 |
||
| 942 |
_hT.41.M64, N4 _cTEXL _2CC |
||
| 999 |
_c1079297 _d1079297 |
||